000 00387nam a2200145Ia 4500
008 240624s9999 xx 000 0 und d
041 _aeng
082 _a338.5 SEX
100 _aSEXTON ROBERT L
245 _aEXPLORATION OF MICROECONOMICS
250 _a(5th ed.)
260 _c2011
_aAustralia
_bSouth-Western Cengage Learning
300 _axxxi, : 637 : p. : cm. ; 27
365 _c
_b25
999 _c16729
_d16729